Phoenix Suns 2020s stat leaders - Statistics

General Stats
  • This quiz has been taken 15 times
    5 since last reset
  • The average score is 43 of 60
Answer Stats
Stat Player % Correct
194 Chris Paul
100%
2926 Chris Paul
100%
846 Chris Paul
100%
1848 Chris Paul
100%
311 Chris Paul
100%
61 Chris Paul
100%
232 Deandre Ayton
100%
3887 Deandre Ayton
100%
2423 Deandre Ayton
100%
370 Deandre Ayton
100%
144 Deandre Ayton
100%
232 Deandre Ayton
100%
326 Devin Booker
100%
8709 Devin Booker
100%
1468 Devin Booker
100%
1839 Devin Booker
100%
291 Devin Booker
100%
106 Devin Booker
100%
2240 Kevin Durant
100%
546 Kevin Durant
100%
406 Kevin Durant
100%
101 Kevin Durant
100%
114 Bismack Biyombo
67%
265 Bradley Beal
67%
200 Cameron Johnson
67%
2135 Cameron Johnson
67%
724 Cameron Johnson
67%
280 Cameron Johnson
67%
145 Cameron Johnson
67%
174 Cameron Payne
67%
1711 Cameron Payne
67%
737 Cameron Payne
67%
117 Cameron Payne
67%
153 Dario Saric
67%
1356 Dario Saric
67%
738 Dario Saric
67%
127 Jae Crowder
67%
1235 Jae Crowder
67%
636 Jae Crowder
67%
143 Jae Crowder
67%
81 Javale McGee
67%
283 Mikal Bridges
67%
3764 Mikal Bridges
67%
1191 Mikal Bridges
67%
667 Mikal Bridges
67%
339 Mikal Bridges
67%
190 Mikal Bridges
67%
61 Drew Eubanks
33%
132 Josh Okogie
33%
104 Josh Okogie
33%
837 Jusuf Nurkić
33%
301 Jusuf Nurkić
33%
80 Jusuf Nurkić
33%
1046 Kelly Oubre Jr.
33%
570 Ricky Rubio
33%
94 Ricky Rubio
33%
138 Torrey Craig
33%
695 Torrey Craig
33%
91 Torrey Craig
33%
98 Torrey Craig
33%
No matching quizzes found
Score Distribution
Percent of People with Each Score
Percentile by Number Answered
Your Score History
You have not taken this quiz since the last reset